[Event "Regionalliga SO 1617"]
[Site "Bayern"]
[Date "2017.04.30"]
[Round "9.8"]
[White "Sadlo, Philipp"]
[Black "Peter, Herbert"]
[Result "1/2-1/2"]
[WhiteElo "1444"]
[BlackElo "1834"]
[PlyCount "41"]
[EventDate "2016.10.16"]
[EventType "team-tourn"]
[EventRounds "9"]
[EventCountry "GER"]
[SourceTitle "EXT 2019"]
[Source "ChessBase"]
[SourceDate "2018.10.10"]
[SourceVersion "1"]
[SourceVersionDate "2018.10.10"]
[SourceQuality "1"]
[WhiteTeam "Landshut"]
[BlackTeam "Ilmmuenster"]
[WhiteTeamCountry "GER"]
[BlackTeamCountry "GER"]

1. e4 c5 2. Nf3 e6 3. d3 a6 4. g3 b5 5. Bg2 Bb7 6. 0-0 Nc6 7. Re1 d6 8. c3 Nf6 9. Be3 Ng4 10. Bd2 Qb6 11. Na3 Be7 12. Nc2 0-0 13. d4 cxd4 14. Nfxd4 Nge5 15. Be3 Qc7 16. b3 Rfd8 17. Rc1 Bf6 18. f4 Nd7 19. Nxc6 Bxc6 20. Nd4 Bb7 21. Qc2 1/2-1/2